| 000 | 00717nam a22002057a 4500 | ||
|---|---|---|---|
| 999 |
_c12815 _d12815 |
||
| 003 | AR-CdUCM | ||
| 008 | 190410b ||||| |||| 00| 0 spa d | ||
| 040 |
_aMUNICIPALIDAD PROVINCIAL DEL CUSCO _cBIBLIOTECA MUNICIPAL DEL CUSCO |
||
| 082 |
_a868.3 / _bC48 |
||
| 100 |
_aCervantes _926693 |
||
| 245 | _aEntremeses / | ||
| 260 |
_aMadrid : _bV. H. Sanz Calleja. |
||
| 300 |
_a174 páginas ; _c13 cm. |
||
| 440 |
_aBiblioteca Selecta. _930892 |
||
| 505 | _aContenido: El juez de los divorcios -- El rufián viudo -- La elección de los alcaldes de Daganzo -- La guarda cuidadosa ... | ||
| 650 |
_aTeatro español _9648 |
||
| 650 |
_aEdad de Oro, 1500-1700 _93058 |
||
| 942 |
_2ddc _cLIBROS |
||
| 945 |
_aachl _d2019-04-10 |
||